BSOP header

A concise guide to market research (Record no. 51501)

MARC details
000 -LEADER
fixed length control field 03516cam a22004695i 4500
001 - CONTROL NUMBER
control field 21817311
005 - DATE AND TIME OF LATEST TRANSACTION
control field 20250214141816.0
006 - FIXED-LENGTH DATA ELEMENTS--ADDITIONAL MATERIAL CHARACTERISTICS--GENERAL INFORMATION
fixed length control field m |o d |
007 - PHYSICAL DESCRIPTION FIXED FIELD--GENERAL INFORMATION
fixed length control field cr |||||||||||
008 - FIXED-LENGTH DATA ELEMENTS--GENERAL INFORMATION
fixed length control field 180918s2019 gw |||| o |||| 0|eng
010 ## - LIBRARY OF CONGRESS CONTROL NUMBER
LC control number 2019763052
020 ## - INTERNATIONAL STANDARD BOOK NUMBER
International Standard Book Number 9783662567074
024 7# - OTHER STANDARD IDENTIFIER
Standard number or code 10.1007/978-3-662-56707-4
Source of number or code doi
035 ## - SYSTEM CONTROL NUMBER
System control number (DE-He213)978-3-662-56707-4
040 ## - CATALOGING SOURCE
Original cataloging agency DLC
Language of cataloging eng
Description conventions pn
-- rda
Transcribing agency DLC
100 1# - MAIN ENTRY--PERSONAL NAME
Personal name Sarstedt, Marko,
Relator term author.
245 12 - TITLE STATEMENT
Title A concise guide to market research
Medium [electronic resource] :
Remainder of title the process, data, and methods using IBM SPSS statistics /
Statement of responsibility, etc by Marko Sarstedt, Erik Mooi.
250 ## - EDITION STATEMENT
Edition statement 3rd ed. 2019.
260 ## - PUBLICATION, DISTRIBUTION, ETC. (IMPRINT)
Place of publication, distribution, etc Berlin, Heidelberg :
Name of publisher, distributor, etc Springer Berlin Heidelberg :
-- Imprint: Springer,
Date of publication, distribution, etc c2019.
300 ## - PHYSICAL DESCRIPTION
Extent 1 online resource (XVII, 396 pages 178 illustrations, 109 illustrations in color.)
336 ## - CONTENT TYPE
Content Type Term text
Content Type Code txt
Source rdacontent
337 ## - MEDIA TYPE
Media Type Term computer
Media Type Code c
Source rdamedia
338 ## - CARRIER TYPE
Carrier Type Term online resource
Carrier Type Code cr
Source rdacarrier
490 1# - SERIES STATEMENT
Series statement Springer Texts in Business and Economics,
International Standard Serial Number 2192-4333
505 0# - FORMATTED CONTENTS NOTE
Formatted contents note Introduction to Market Reseach -- The Market Research Process -- Data -- Getting Data -- Descriptive Statistics -- Hypothesis Testing and ANOVA -- Regression Analysis -- Principal Component and Factor Analysis.-Cluster Analysis -- Communicating the Results.
520 ## - SUMMARY, ETC.
Summary, etc This book offers an easily accessible and comprehensive guide to the entire market research process, from asking market research questions to collecting and analyzing data by means of quantitative methods. It is intended for all readers who wish to know more about the market research process, data management, and the most commonly used methods in market research. The book helps readers perform analyses, interpret the results, and make sound statistical decisions using IBM SPSS Statistics. Hypothesis tests, ANOVA, regression analysis, principal component analysis, factor analysis, and cluster analysis, as well as essential descriptive statistics, are covered in detail. Highly engaging and hands-on, the book includes many practical examples, tips, and suggestions that help readers apply and interpret the data analysis methods discussed. The new edition uses IBM SPSS version 25 and offers the following new features: A single case and dataset used throughout the book to facilitate learning New material on survey design and all data analysis methods to reflect the latest advances concerning each topic Improved use of educational elements, such as learning objectives, keywords, self-assessment tests, case studies, and much more A glossary that includes definitions of all the keywords and other descriptions of selected topics Links to additional material and videos via the Springer Multimedia App.
650 #0 - SUBJECT ADDED ENTRY--TOPICAL TERM
Topical term or geographic name as entry element Management.
650 #0 - SUBJECT ADDED ENTRY--TOPICAL TERM
Topical term or geographic name as entry element Marketing.
650 #0 - SUBJECT ADDED ENTRY--TOPICAL TERM
Topical term or geographic name as entry element Statistics .
650 14 - SUBJECT ADDED ENTRY--TOPICAL TERM
Topical term or geographic name as entry element Marketing.
650 24 - SUBJECT ADDED ENTRY--TOPICAL TERM
Topical term or geographic name as entry element Management.
650 24 - SUBJECT ADDED ENTRY--TOPICAL TERM
Topical term or geographic name as entry element Statistics for Business, Management, Economics, Finance, Insurance.
655 ## - INDEX TERM--GENRE/FORM
Genre/form data or focus term Electronic books
700 1# - ADDED ENTRY--PERSONAL NAME
Personal name Mooi, Erik,
Relator term author.
776 08 - ADDITIONAL PHYSICAL FORM ENTRY
Display text Print version:
Title A concise guide to market research : the process, data, and methods using IBM SPSS statistics
International Standard Book Number 9783662567067
Record control number (DLC) 2018940160
776 08 - ADDITIONAL PHYSICAL FORM ENTRY
Display text Printed edition:
International Standard Book Number 9783662567067
776 08 - ADDITIONAL PHYSICAL FORM ENTRY
Display text Printed edition:
International Standard Book Number 9783662567081
776 08 - ADDITIONAL PHYSICAL FORM ENTRY
Display text Printed edition:
International Standard Book Number 9783662585924
830 #0 - SERIES ADDED ENTRY--UNIFORM TITLE
Uniform title Springer Texts in Business and Economics,
856 ## - ELECTRONIC LOCATION AND ACCESS
Uniform Resource Identifier <a href="https://drive.google.com/file/d/1CamUbVPtzY7kfujfTIhtdEjVB5zpugoU/view?usp=sharing">https://drive.google.com/file/d/1CamUbVPtzY7kfujfTIhtdEjVB5zpugoU/view?usp=sharing</a>
942 ## - ADDED ENTRY ELEMENTS (KOHA)
Source of classification or shelving scheme Library of Congress Classification
Item type eBooks
Holdings
Withdrawn status Lost status Source of classification or shelving scheme Damaged status Not for loan Home library Current library Date acquired Inventory number Total Checkouts Date last seen Price effective from Koha item type
    Library of Congress Classification     BSOP Library Digital Library 05/09/2024 eB-00605   05/09/2024 05/09/2024 eBooks
BSOP

Biblical Seminary of the Philippines
  All rights Reserved
  © 2024

CONTACT INFORMATION

Biblical Seminary of the Philippines,
  77-B Karuhatan Road, Valenzuela City,
  PHILIPPINES 1441
  Phone: +632 8292-6795 / 8292-6798
  Fax : +632 8292-6675
  Email: library@bsop.edu.ph